000 00276nam a22001217a 4500
008 171219b xxu||||| |||| 00| 0 eng d
041 _aeng
080 _a34
100 _a14
101 _aJUR
245 _aTHE MAKING OF THE AMERICAN CONSTITUTION
_cJENSEN,M
942 _2udc
_cBK
999 _c39133
_d39133